000 00562nam a2200205 a 4500
005 20210223120809.0
008 991125s1974 es 000 0 spa u
020 _a8421400991
035 _aUPN01000007330
049 _aCG
050 4 _aD70
_bC6.38
100 1 _aCoarer-Kalodan, E.
245 1 4 _aLos celtas y los extraterrestres /
_cE. Coarer-Kalodan, Gwezenn-Dana ; tr. Renata Jutgar.
260 _aBarcelona [Esp.] :
_bAura,
_c1974.
300 _a250 p.
440 0 _aPunto
650 4 _aCELTAS
_96541
700 1 _aGwezenn-Dana,
_ecoaut.
905 _aLibro
999 _c7330
_d7330